000 00941cam a22002771 4500
001 gs 65000456
003 DLC
005 20260227111418.0
008 720225s1964 xx 000 0 eng
010 _ags 65000456
035 _a(OCoLC)249688
040 _aDLC
_cOAkU
_dDLC
041 0 _aeng
_bengfre
042 _apremarc
050 0 0 _aQE185
_b.A43 no. 105
100 1 _aChristie, Robert Loring,
_d1926-
245 1 0 _aDiabase-gabbro sills and related rocks of Banks and Victoria Islands, Arctic Archipelago,
_cby R.L. Christie.
260 _a[Ottawa]
_bDept. of Mines and Technical Surveys, Canada
_c[1964]
300 _a13 p.
_billus., 2 fold. col. maps (in pocket)
410 2 0 _aGeological Survey of Canada.
_tBulletin
_v105
500 _aAbstract also in French.
504 _aBibliography: p. 13.
650 0 _aIgneous rocks.
650 0 _aPetrology
_zArctic regions.
650 0 _aPetrology
_zNorthwest Territories
_zFranklin.
999 _c30141
_d30141